| 000 | 00637cam a2200217 a 4500 | ||
|---|---|---|---|
| 999 |
_c331638 _d331638 |
||
| 001 | 4222253 | ||
| 003 | NUST | ||
| 005 | 20171011152337.0 | ||
| 008 | 820908s1981 pk 000 1 urdo | ||
| 010 | _a 81930703 | ||
| 020 | _cRs60.00 | ||
| 040 |
_aDLC _cDLC _dDLC |
||
| 050 | 0 | 0 |
_aPK2200.B329 _bR3 1981 |
| 082 |
_a891.4393 _bQUD |
||
| 100 | 0 |
_aBāno Qudsiyah, _d1928-2017. _91163 |
|
| 245 | 1 | 0 |
_aRājah gidh / _cBāno Qudsiyah. |
| 260 |
_aLāhaur : _bSang-i Mīl Pablīkeshanz, _c1981. |
||
| 300 |
_a564 p. ; _c22 cm. |
||
| 500 | _aNovel. | ||
| 500 | _aIn Urdu. | ||
| 880 |
_6100-01\(3\r _aبانو قدسیہ |
||
| 880 |
_6245-02\(3\r _aراجہ گدھ _cبانو قدسیہ |
||
| 880 |
_6260-03\(3\r _aلاہور: _bسنگ میل پبلی کیشنز، _c1981 |
||
| 906 |
_a7 _bcbc _corignew _d5 _encip _f19 _gy-gencatlg |
||
| 942 |
_2ddc _cBK |
||